000 01245nam1a2200361 i 4500
001 RU\NLR\bibl\1846802
005 20241105135116.0
010 _a9785895300213
_bобщ.
035 _a(NLR Aleph) 001837228
090 _a2222232
_c2222232
100 _a20111212g20119999u y0rusy50 ca
101 0 _arus
102 _aRU
105 _a||||z |||||
181 0 _ai
_baxxe
182 0 _an
200 1 _aАкадемик В.Н. Ипатьев
_e[сборник
_eв 2 кн.
_fсост.: В.Д. Кальнер]
203 _aТекст
_bвизуальный
_cнепосредственный
210 _aМосква
_cКалвис
_d2011
215 _d24
463 0 _10011828554
463 0 _10011828758
600 1 _aИпатьев
_bВ.Н.
_f1867 - 1952
_gВладимир Николаевич
_91212825
_3RU\NLR\auth\66492504
686 _aГ.д(2)Ипатьев
700 1 _aИпатьев
_bВ. Н.
_f1867-1952
_gВладимир Николаевич
_4070
702 1 _aКальнер
_bВ. Д.
_gВениамин Давыдович
_4220
801 0 _aRU
_bNLR
_c20111212
_gRCR
801 1 _aRU
_bNLR
_c20111212
852 _aNLR
_j2011-7/5657
942 _cBOOK
980 _aNBR